000 00386cam a2200169 4500
001 D12500
008 090401t1897 xxu||||| |||| 00| 0 eng d
035 _a(Sirsi) u3840
041 _aeng
100 _aCragg, Anthony Richard
245 _aHints to young valuers
260 _bLand Agents` Record
_c1897
350 _a0
520 _aShelf 114
942 _n0
948 _c04/03/1997
999 _c85945
_d85945